|
|
|
|
| LEADER |
01134nam a2200289 a 4500 |
| 001 |
38057 |
| 003 |
BD-DhAAL |
| 005 |
20220324110532.0 |
| 008 |
220324t1989 ohua b 000 0 eng d |
| 999 |
|
|
|c 43870
|d 43870
|
| 010 |
|
|
|a 89050218
|
| 020 |
|
|
|a 0961865210
|
| 040 |
|
|
|a DLC
|c DLC
|d DLC
|d BD-DhAAL
|
| 043 |
|
|
|a a------
|a f------
|
| 050 |
0 |
0 |
|a HG3368.A6
|b H34 1989
|
| 082 |
0 |
0 |
|a 332.10917671
|2 20
|
| 100 |
1 |
|
|a Hammād, ʻAlam al-Hudá.
|9 47358
|
| 245 |
1 |
0 |
|a Islamic banking :
|b theory and practice /
|c Alam E. Hammad.
|
| 260 |
|
|
|a Cincinnati, Ohio :
|b Zakat and Research Foundation,
|c c1989.
|
| 300 |
|
|
|a v, 45 pages :
|b illustrations ;
|c 22 cm.
|
| 504 |
|
|
|a Includes bibliographical references.
|
| 541 |
|
|
|a Donated By Akbar Ali Khan
|e 38057
|
| 650 |
|
0 |
|a Banks and banking
|z Islamic countries.
|9 47359
|
| 650 |
|
0 |
|a Banks and banking
|x Religious aspects
|x Islam.
|9 47360
|
| 852 |
|
|
|a Ayesha Abed Library
|c Akbar Ali Khan Collection
|
| 942 |
|
|
|2 ddc
|c BK
|
| 952 |
|
|
|0 0
|1 0
|2 ddc
|4 0
|6 332_109176710000000_HAM
|7 1
|9 70259
|a BRACUL
|b BRACUL
|c AAKC
|d 2022-03-24
|e Donated by Akbar Ali Khan
|l 0
|o 332.10917671 HAM
|p 3010038057
|r 2022-03-24
|t 1
|w 2022-03-24
|y BK
|